00934nam a2200241 a 450000100100000000500170001000800410002702000180006802000150008604000250010108200180012610000270014424500550017126000360022630000210026249000150028350000710029850502400036965000120060965000370062165000190065883000150067700000049520200929145342.0081031s2008 dr 000 0 spa d a9789945161984 a9945161989 aDO-SdBNPbspacBNPHU a155.92bG633r1 aGómez, José Miguel10aRemedios para la soledad /cJosé Miguel Gómez. aSanto Domingo :bBúho,c2008. a159 p. ;c22 cm.1 aBiblioteca aIncluye datos biográficos del autor en la solapa de la cubierta.2 aAspectos generales de la soledad -- Soledad en la postmodernidad -- Personalidad y soledad -- La soledad y sus consecuencias negativas -- La soledad y sus complicaciones -- Soledad y vejez -- Remedios para la soledad -- Bibliografía. 4aSoledad 4aSoledadxAspectos psicológicos 4aVida solitaria 0aBiblioteca